Cultura general por letra - B - Estadísticas

Estadísticas generales
  • Esta prueba ha sido intentada 5.831 veces
  • La puntuación promedio es 13 de 20
Estadísticas de respuestas
Pista Respuesta % Correcto
Hijo mayor de Marge y Homero Simpson Bart
95%
Estadio del Real Madrid Bernabéu
91%
Teoría que explica el origen del universo Big Bang
89%
País sin litoral en Sudamérica Bolivia
89%
Tipo de calzado, usualmente de piel o gamuza. Se dice que Italia tiene esta forma Bota
87%
Película de Pixar que cuenta la historia de un pez que es raptado, y salvado por su padre Buscando a Nemo
82%
Ciudad española con un museo Guggenheim Bilbao
81%
Lugar de nacimiento de Jesús de Nazaret Belén
77%
Donde se encontraban los Jardines Colgantes Babilonia
76%
Pieza maestra compuesta por Queen Bohemian Rhapsody
74%
Género musical originario de República Dominicana Bachata
72%
Oso protagonista de la película “El Libro de la Selva” Baloo
63%
Cría de la vaca Becerro
59%
Ciudad cuyo motín dio inició a la guerra de independencia de Estados Unidos Boston
55%
Legendaria pareja de ladrones estadounidenses durante la Gran Depresión Bonnie y Clyde
50%
Siddharta Gautama Buda
46%
Institución gubernamental que regula la economía y la banca de cada país Banca Central
43%
Ciudad irlandesa donde se construyó el Titanic Belfast
38%
Metrópoli india situada en el mar Arábigo Bombay
35%
Grupo musical conformado por Barry, Robin y Maurice Gibb Bee Gees
21%
No se encontraron pruebas coincidentes
Distribución de puntuación
Porcentaje de gente con cada puntuación
Porcentaje por número respondido
Historial de tus puntuaciones
No has intentado esta prueba.